| 000 | 00628nam a2200229Ia 4500 | ||
|---|---|---|---|
| 003 | OSt | ||
| 005 | 20220928144909.0 | ||
| 006 | a|||||r|||| 00| 0 | ||
| 007 | ta | ||
| 008 | 220927b |||||||| |||| 00| 0 eng d | ||
| 024 | _a76763 | ||
| 037 | _cTextual | ||
| 040 |
_aSDCL _cSDCL _beng |
||
| 041 |
_2eng _aeng |
||
| 082 | _aXM5:77.1'P, P4 | ||
| 100 |
_aDeans Graeme K _9510220 |
||
| 245 | 0 |
_aStretch _b How great companies grow in good times and bad. |
|
| 260 | _c2004 | ||
| 700 |
_a Kroeger Fritz _9510221 |
||
| 942 |
_hXM5:77.1'P, P4 _cTEXL _2CC |
||
| 999 |
_c830281 _d830281 |
||